00693nam a2200241 a 4500001001300000003000900013005001700022008004100039020002300080082001600103100001100119245003300130260003600163300000900199500003500208505001000243650002600253700001100279902000800290942000700298952012900305999001700434nice12345678IN_TiNIC20260116014153.0071115s2005 dela grp 000 0 eng  a8171698905 c70000a305.3bRAM1 aRam, S aHindu Women and Their Rights aDelhi bCommenwealth Pub c2005 a308p aincludes index and biblioraphy2 aindex aGender Discrimination1 aRam, S bSRS cBK 001040708StackRoom-aHMIbHMId2010-11-18g700.00l6o305.3 RAM1p022138r2025-08-05s2025-07-15v700.00w2007-11-15yBK c14169d14169